MARC details
| 000 -CABECERA |
| campo de control de longitud fija |
01918nam a2200397Ia 4500 |
| 001 - NÚMERO DE CONTROL |
| campo de control |
dia_3442 |
| 003 - IDENTIFICADOR DEL NÚMERO DE CONTROL |
| campo de control |
CHAP |
| 005 - FECHA Y HORA DE LA ÚLTIMA TRANSACCIÓN |
| campo de control |
20240926175457.0 |
| 007 - CAMPO FIJO DE DESCRIPCIÓN FÍSICA--INFORMACIÓN GENERAL |
| campo de control de longitud fija |
ta |
| 008 - DATOS DE LONGITUD FIJA--INFORMACIÓN GENERAL |
| campo de control de longitud fija |
220117s2016 mx abdof 001 0 spa d |
| 040 ## - FUENTE DE LA CATALOGACIÓN |
| Centro catalogador/agencia de origen |
mxchpua |
| Centro/agencia transcriptor |
CHAP |
| 090 ## - LOCALMENTE ASIGNADO TIPO-LC NÚMERO DE CLASIFICACIÓN (OCLC); NÚMERO DE CLASIFICACIÓN LOCAL (RLIN) |
| Número de clasificación (OCLC) (R) ; Numero de clasificación, CALL (RLIN) (NR) |
T.C.713 |
| Número cutter local (OCLC) ; Número de libro/Signatura topográfica íntegra, CALL (RLIN) |
V55 SAI |
| Año |
2016 |
| 245 10 - MENCIÓN DE TÍTULO |
| Título |
Sistema leche-queso crema de Chiapas : informe fase de campo / |
| Mención de responsabilidad, etc. |
coordinador Abraham Villegas de Gante ; colaboradores Fortino Rafael Cuellar Barajas...[y otros] |
| 260 ## - PUBLICACIÓN, DISTRIBUCIÓN, ETC. |
| Lugar de publicación, distribución, etc. |
México : |
| Nombre del editor, distribuidor, etc. |
El autor, |
| Fecha de publicación, distribución, etc. |
2016 |
| 300 ## - DESCRIPCIÓN FÍSICA |
| Extensión |
189 hojas : |
| Otras características físicas |
ilustraciones, tablas, gráficas, mapas, fotos |
| 336 ## - TIPO DE CONTENIDO |
| Fuente |
rdacontent |
| Término de tipo de contenido |
texto |
| Código de tipo de contenido |
txt |
| 337 ## - TIPO DE MEDIO |
| Fuente |
rdamedia |
| Nombre/término del tipo de medio |
no mediado |
| Código del tipo de medio |
n |
| 338 ## - TIPO DE SOPORTE |
| Fuente |
rdacarrier |
| Nombre/término del tipo de soporte |
volumen |
| Código del tipo de soporte |
nc |
| 500 ## - NOTA GENERAL |
| Nota general |
Grado: 6° año |
| 502 ## - NOTA DE TESIS |
| Nota de tesis |
Viaje de estudios |
| Tipo de título |
(SAI) -- |
| Nombre de la institución que otorga el título |
UACh. Departamento de Ingeniería Agroindustrial, |
| Año de obtención del título |
2016 |
| 504 ## - NOTA DE BIBLIOGRAFÍA, ETC. |
| Nota de bibliografía, etc. |
Bibliografía: hojas 185189 |
| 505 00 - NOTA DE CONTENIDO CON FORMATO |
| Título |
Empresas visitadas: --<br/>1.Quesos La Ordeña, S. A. de C. V. --<br/>2.Fábrica de Quesos Santa Cruz --<br/>3.Quesería Alonso el Original --<br/>4.Quesería San Juan --<br/>5.Quesería San Francisco --<br/>6.Quesos Santa Rosa --<br/>7.Quesería Santa Elena --<br/>8.Lácteos Buen Villa --<br/>9.Quesería el Mapache --<br/>10.Quesería Clarita --<br/>11.Quesería Tzu Tzu --<br/>12.Quesos Laltic --<br/>13.Quesería Doña Bertha |
| 650 10 - PUNTO DE ACCESO ADICIONAL DE MATERIA--TÉRMINO DE MATERIA |
| Término de materia o nombre geográfico como elemento de entrada |
Industria lechera |
| Subdivisión geográfica |
México |
| -- |
Chiapas |
| 9 (RLIN) |
151686 |
| 650 10 - PUNTO DE ACCESO ADICIONAL DE MATERIA--TÉRMINO DE MATERIA |
| Término de materia o nombre geográfico como elemento de entrada |
Industria quesera |
| Subdivisión geográfica |
México |
| -- |
Chiapas |
| 9 (RLIN) |
151687 |
| 650 10 - PUNTO DE ACCESO ADICIONAL DE MATERIA--TÉRMINO DE MATERIA |
| Término de materia o nombre geográfico como elemento de entrada |
Dairy industry |
| Subdivisión geográfica |
Mexico |
| -- |
Chiapas |
| 9 (RLIN) |
151684 |
| 650 10 - PUNTO DE ACCESO ADICIONAL DE MATERIA--TÉRMINO DE MATERIA |
| Término de materia o nombre geográfico como elemento de entrada |
Cheese industry |
| Subdivisión geográfica |
Mexico |
| -- |
Chiapas |
| 9 (RLIN) |
151683 |
| 700 1# - PUNTO DE ACCESO ADICIONAL--NOMBRE DE PERSONA |
| Nombre de persona |
Villegas de Gante, Abraham Zacarias |
| 9 (RLIN) |
185141 |
| Término indicativo de función/relación |
coordinador |
| 700 1# - PUNTO DE ACCESO ADICIONAL--NOMBRE DE PERSONA |
| Nombre de persona |
Cuellar Barajas, Fortino Rafael |
| 9 (RLIN) |
154497 |
| Término indicativo de función/relación |
colaborador |
| 856 42 - LOCALIZACIÓN Y ACCESO ELECTRÓNICOS |
| Identificador Uniforme del Recurso |
<a href="http://10.13.5.2/ve/TC713SAI/TC713SAI2016-REPORTE.pdf">http://10.13.5.2/ve/TC713SAI/TC713SAI2016-REPORTE.pdf</a> |
| Texto de enlace |
DESCARGAR REPORTE |
| 942 ## - ELEMENTOS DE PUNTO DE ACCESO ADICIONAL (KOHA) |
| Fuente del sistema de clasificación o colocación |
Clasificación Universidad Autónoma de Chapingo |
| 901 ## - ELEMENTOS DE DATOS A LOCAL LDA (RLIN) |
| a |
T.C.713 V55 SAI 2016 |
| 902 ## - ELEMENTOS DE DATOS B LOCAL, LDB (RLIN) |
| a |
M |
| 905 ## - ELEMENTOS DE DATOS E LOCAL, LDE (RLIN) |
| a |
5232272016 mx dnml8223123322spa16 |
| 942 ## - ELEMENTOS DE PUNTO DE ACCESO ADICIONAL (KOHA) |
| Tipo de ítem Koha |
Viaje de Estudios |